KOHA-Header-6

Burhan (Record no. 2476)

000 -LEADER
fixed length control field 00253nam a2200109Ia 4500
008 - FIXED-LENGTH DATA ELEMENTS--GENERAL INFORMATION
fixed length control field 190802s9999 xx 000 0 und d
100 ## - MAIN ENTRY--PERSONAL NAME
Personal name Jawaid Ahmed Ghamadi
245 #0 - TITLE STATEMENT
Title Burhan
260 ## - PUBLICATION, DISTRIBUTION, ETC. (IMPRINT)
Place of publication, distribution, etc Lahore
Name of publisher, distributor, etc Dar-ul-Ashraaq
Date of publication, distribution, etc 2002
300 ## - PHYSICAL DESCRIPTION
Extent 284:p
942 ## - ADDED ENTRY ELEMENTS (KOHA)
Koha item type Books
Holdings
Withdrawn status Lost status Source of classification or shelving scheme Damaged status Not for loan Permanent Location Current Location Shelving location Date acquired Full call number Barcode Date last seen Price effective from Koha item type
          MAJU MAJU Shelf No.A-9 2019-08-03 297.63 9099 2019-08-03 2019-08-03 Books

Powered by Koha